000 00620naa a2200193 4500
001 176090
003 ES-MaBCM
005 20241016192128.0
008 100331s2009 fra|r0p 0 ||fre d
021 _axx
035 _a(OCoLC)1365228158
040 _cES-MaBCM
100 1 _aMartin-Amouroux, Jean-Marie
_989893
245 1 0 _aLe grand retour du charbon
_b: un enjeu au coeur des négociations sur le climat
_cJean-Marie Martin-Amouroux
650 2 7 _aProtección del medio ambiente
_959954
650 2 7 _aCarbón
_957824
773 0 _aEn:
_tFuturibles
_dParis
_w104423
_gNº. 357 (nov. 2009), p. 5-27
942 _cAREV
999 _c176090
_d176090